000 00596nam a2200193Ia 4500
005 20260114185633.0
008 008 260114s9999 xx 000 0 eng d
020 _a9781472895691
037 _aEBOOK
040 _aCRL
_beng
_cCRL
041 _aeng
_2eng
084 _qCRL
100 _aAlan C Huffines
_9872519
245 4 _aThe Texas War of Independence 1835?36 From Outbreak to the Alamo to San Jacinto
260 _bBloomsbury
_c2016
856 _uhttps://doi.org/10.5040/9781472895691?locatt=label:secondary_bloomsburyCollections
942 _cEBOOK
999 _c1471467
_d1471467